[Event "Frankfurt Ch 2012"]
[Site "Ffm-Kalbach, LAZ"]
[Date "2012.06.11"]
[Round "6.53"]
[White "Riha, Peter"]
[Black "Bernhardt, Winfried"]
[Result "1-0"]
[WhiteElo "1592"]
[BlackElo "1304"]
[PlyCount "75"]
[EventDate "2012.??.??"]
[WhiteTeam "SC Bergen-Enkheim 1922"]
[BlackTeam "SV 1997 Nauheim"]

1. d4 d5 2. c4 Nf6 3. cxd5 Nxd5 4. e4 Nb6 5. Nf3 Nc6 6. d5 Nb8 7. Nc3 e6 8. Bf4
exd5 9. exd5 Be7 10. Bb5+ Bd7 11. Qb3 a6 12. Be2 O-O 13. O-O Be8 14. Rfd1 Bd6
15. Be3 Qe7 16. Rd4 N8d7 17. Qc2 Nf6 18. Bg5 Bd7 19. Ne4 Be5 20. Nxe5 Qxe5 21.
Nxf6+ gxf6 22. Be3 Nxd5 23. Re4 Nxe3 24. Rxe3 Qa5 25. Bd3 h6 26. Qc4 Bb5 27.
Qg4+ Kh8 28. Qf5 Bxd3 29. Qxa5 Bb5 30. Qc3 Bc6 31. Qxf6+ Kh7 32. Rg3 Rg8 33.
Qxf7+ Kh8 34. Rxg8+ Rxg8 35. Qf6+ Kh7 36. f3 Rg6 37. Qf5 Kg7 38. Re1 1-0

[Event "Frankfurt Ch 2012"]
[Site "Ffm-Kalbach, LAZ"]
[Date "2012.06.11"]
[Round "6.55"]
[White "Arnold, Michael"]
[Black "Reuter, Klaus"]
[Result "1/2-1/2"]
[WhiteElo "1703"]
[BlackElo "1402"]
[PlyCount "84"]
[EventDate "2012.??.??"]
[WhiteTeam "SK Langen"]
[BlackTeam "SV Griesheim(DA)"]

1. d4 d5 2. Nf3 Nf6 3. e3 Bg4 4. Nbd2 e6 5. Bd3 Nbd7 6. c3 c5 7. h3 Bh5 8. Qc2
c4 9. Be2 Bg6 10. Qd1 Bd6 11. Nh4 Be4 12. Nhf3 b5 13. Nxe4 Nxe4 14. Nd2 Ndf6
15. Bf3 Qc7 16. Nxe4 dxe4 17. Be2 Nd5 18. O-O f5 19. Bd2 O-O 20. f3 Qe7 21.
fxe4 fxe4 22. Qc2 Qh4 23. Be1 Rxf1+ 24. Bxf1 Nxe3 25. Bxh4 Nxc2 26. Rc1 Ne3 27.
Re1 Bf4 28. Bf2 Nd5 29. Rxe4 Re8 30. g3 Bc1 31. Re2 b4 32. Rc2 Be3 33. Bxc4
Bxf2+ 34. Kxf2 Rf8+ 35. Ke2 bxc3 36. bxc3 Nc7 37. Rb2 Nd5 38. Rc2 Kf7 39. Kd3
Ke7 40. Bxd5 exd5 41. Re2+ Kd6 42. Re3 Rf2 1/2-1/2

[Event "Frankfurt Ch 2012"]
[Site "Ffm-Kalbach, LAZ"]
[Date "2012.06.11"]
[Round "6.56"]
[White "Lanz, Jürgen"]
[Black "Kletzerman, Simon"]
[Result "1-0"]
[WhiteElo "1468"]
[BlackElo "1546"]
[PlyCount "63"]
[EventDate "2012.??.??"]
[WhiteTeam "SC 1979 Hattersheim"]
[BlackTeam "SAbt TuS Makkabi Ffm"]

1. c4 Nf6 2. g3 e6 3. Bg2 c6 4. e4 d6 5. d4 Nbd7 6. Nc3 Be7 7. Nge2 O-O 8. O-O
Nb6 9. b3 Qc7 10. Qc2 e5 11. d5 c5 12. h3 Bd7 13. Be3 Qc8 14. Kh2 Ne8 15. f4 f5
16. fxe5 dxe5 17. exf5 Bxf5 18. Be4 Nd6 19. g4 Bxe4 20. Nxe4 Nxe4 21. Qxe4 Bd6
22. Ng3 Nd7 23. Nf5 Qc7 24. g5 Rf7 25. Nxd6 Rxf1 26. Nb5 Qa5 27. Rxf1 Qxa2+ 28.
Rf2 Qxb3 29. Nc7 Rc8 30. Ne6 b6 31. Qf3 Qa4 32. Qf7+ 1-0

[Event "Frankfurt Ch 2012"]
[Site "Ffm-Kalbach, LAZ"]
[Date "2012.06.11"]
[Round "6.57"]
[White "Lehmann, Gerit"]
[Black "Popp, Matthias"]
[Result "0-1"]
[WhiteElo "1407"]
[BlackElo "1519"]
[PlyCount "92"]
[EventDate "2012.??.??"]
[WhiteTeam "Sfr. Frankfurt 1921"]
[BlackTeam "SC Bergen-Enkheim 1922"]

1. d4 e6 2. c4 d5 3. Nc3 c6 4. Bf4 Nd7 5. e3 Ngf6 6. h3 Ne4 7. Bd3 Bb4 8. Qc2
Ndf6 9. f3 Nxc3 10. bxc3 Ba5 11. Bg5 h6 12. Bh4 Qc7 13. Ne2 Bd7 14. Bg3 Qd8 15.
Rb1 b6 16. a4 c5 17. O-O Nh5 18. Bh2 Qg5 19. f4 Qh4 20. Rf3 f5 21. cxd5 O-O 22.
dxe6 Bxe6 23. Ng3 Nxg3 24. Bxg3 Qe7 25. c4 cxd4 26. exd4 Rac8 27. Qe2 Qd7 28.
d5 Bf7 29. Bc2 Bh5 30. Bb3 Rfe8 31. Qd3 Bxf3 32. Qxf3 Bb4 33. Bh4 Bc5+ 34. Kh2
Qd6 35. Be1 Re3 36. Qf1 Rce8 37. Bd2 Re2 38. Bc3 Rf2 39. Qc1 Rxf4 40. Kh1 Rf2
41. Rb2 Ree2 42. Rxe2 Rxe2 43. Bd1 Rf2 44. Bf3 Qg3 45. Qd1 Bd6 46. Qg1 Rf1 0-1

[Event "Frankfurt Ch 2012"]
[Site "Ffm-Kalbach, LAZ"]
[Date "2012.06.11"]
[Round "6.58"]
[White "Heun, Andreas"]
[Black "Mook, Karl-Jürgen"]
[Result "0-1"]
[WhiteElo "1492"]
[BlackElo "1278"]
[PlyCount "44"]
[EventDate "2012.??.??"]
[WhiteTeam "SC Ladja Roßdorf"]
[BlackTeam "Sfr. Frankfurt 1921"]

1. e4 e5 2. f4 exf4 3. Nf3 Be7 4. Bc4 Bh4+ 5. Kf1 d6 6. d4 Bg4 7. Bxf4 Qf6 8.
Qd2 Bxf3 9. gxf3 Nc6 10. Bb5 O-O-O 11. Bxc6 bxc6 12. Ke2 Ne7 13. c4 g5 14. Bg3
Rhg8 15. Nc3 Rde8 16. Kf2 Ng6 17. Ne2 Rxe4 18. Bxh4 Nxh4 19. Qd3 Rge8 20. Rae1
Re3 21. Qxe3 Rxe3 22. Kxe3 Qxf3+ 0-1

[Event "Frankfurt Ch 2012"]
[Site "Ffm-Kalbach, LAZ"]
[Date "2012.06.11"]
[Round "6.59"]
[White "Fischer, Lutz"]
[Black "Kirchmann, Gerhard"]
[Result "1-0"]
[WhiteElo "1530"]
[BlackElo "1428"]
[PlyCount "27"]
[EventDate "2012.??.??"]
[WhiteTeam "Sfr. Frankfurt 1921"]
[BlackTeam "SC Groß-Umstadt"]

1. e4 c5 2. Nc3 e6 3. f4 g6 4. Nf3 d6 5. d4 cxd4 6. Nxd4 a6 7. Bc4 Bg7 8. Be3
Ne7 9. O-O O-O 10. Bb3 b5 11. a3 Bb7 12. f5 Bxd4 13. Qxd4 exf5 14. Bh6 1-0

[Event "Frankfurt Ch 2012"]
[Site "Ffm-Kalbach, LAZ"]
[Date "2012.06.11"]
[Round "6.60"]
[White "Möller, Wolfgang"]
[Black "Kirschner, Matthias"]
[Result "1/2-1/2"]
[WhiteElo "1452"]
[BlackElo "1431"]
[PlyCount "60"]
[EventDate "2012.??.??"]
[WhiteTeam "SF Vonkeln 1931"]
[BlackTeam "SV 1997 Nauheim"]

1. e4 d6 2. d4 Nf6 3. Nc3 e5 4. Nf3 Nbd7 5. Be2 Be7 6. O-O O-O 7. Bg5 a6 8. a4
b6 9. d5 Ne8 10. Be3 Nef6 11. Nd2 Kh8 12. b4 Bb7 13. Na2 c6 14. c4 cxd5 15.
cxd5 Rc8 16. Rc1 Rxc1 17. Qxc1 Qa8 18. Qb2 Rc8 19. f3 Bd8 20. Nc4 Qb8 21. Nc1
b5 22. axb5 axb5 23. Na5 Ba6 24. Nc6 Qb7 25. Nxd8 Rxd8 26. Nb3 Nb8 27. Rc1 Rc8
28. Rc3 Rxc3 29. Qxc3 Qd7 30. Bd3 Qd8 1/2-1/2